| 000 | 00461cam a22001575a 4500 | ||
|---|---|---|---|
| 020 | _a1853839841 | ||
| 020 | _a1853839833 (pbk.) | ||
| 040 | _cUKM | ||
| 082 | 0 | 4 | _a338 WIN 2000 C342 Or. |
| 100 | 1 | _aScheewe, Winfried. | |
| 245 | 1 | 0 |
_aNurturing soil, feeding people : _bprinciples of sustainable agriculture in the tropics / |
| 260 |
_aLondon : _bEarthscan, _c2003. |
||
| 300 |
_a272 p. : _bill. ; _c24 cm. |
||
| 650 | 0 | _aSustainable agriculture | |
| 942 | _cAEDBB | ||
| 999 |
_c21248 _d21248 |
||